000 00476nam a2200181Ia 4500
005 20250326141543.0
008 250326s9999 xx 000 0 und d
037 _aTextbook
040 _aFMSL
_beng
_cFMSL
041 _aeng
_2eng
084 _aX:8M M7
_qFMSL
100 _aBanerjee M
245 0 _aOffice management
_cBanerjee M
260 _aCalcutta
_bCalcutta, Book Syndicate
_c1987
300 _a230p
942 _cTB
_hX:8M M7
999 _c1290854
_d1290854